| Virtuální polytechnická knihovna - Souborný katalog - Úplný záznam dokumentu - MARC |
Uživatel: --- |
-----nas 22-----zu 4500
001 SKVPK0031855
003 CZ-VPK
005 20260422120548.0
008 260422u1997uuuu||||| | ||| || |||||||
022 $a1092-6003
040 $aABA013$bcze
222 0$aOilheating : Journal of indoor comfort marketing
245 00$aOilheating : Journal of indoor comfort marketing
260 $aSpojené státy americké :$bFairfield, NJ : Industry Publications,$c1997-
650 07$astavebnictví$xst$2psh
780 00$tFueloil & oil heat with air conditioning$x1060-9725
785 00$tIndoor comfort marketing$x2160-4495
910 $aABA013$r1997-1998
| čtvrtek 14.05.2026 05:00:45 |
© 2001-2015 Národní technická knihovna |
[Virtuální polytechnická knihovna]
[Servisní centrum]
[Souborný katalog]